000 00446cam a22001337a 4500
008 180718b1970 xxu||||| |||| 00| 0 eng d
082 _aT2x54 In2o
245 _aModern industries
_cby Advisers, INdustries and Foreign Trade, India
260 _aDelhi
_bAdvisers, INdustries and Foreign Trade
_c1970
300 _a204p.
650 _aIndustries --India
650 _aSmall business --India
700 _aIndia. Advisers, INdustries and Foreign Trade
999 _c437507
_d437507